Statistics for Tic Tac Toe: Countries

Click here to take the quiz!

General Stats

  • This quiz has been taken 523 times
  • The average score is 3 of 9

Answer Stats

ClueRespuesta% Correct
African country | Closest to SpainMorocco
76%
Landlocked country | Closest to SpainAndorra
66%
African country | Most PopulousNigeria
65%
Island country | Most PopulousIndonesia
42%
Island country | Closest to SpainUnited Kingdom
42%
Landlocked country | More densely populatedVatican City
13%
Landlocked country | Most Populous
Ethiopia
12%
Island country | More densely populatedSingapore
11%
African country | More densely populatedMauritius
4%

Score Distribution

Percentile by Number Answered

Percent of People with Each Score

Your Score History

You have not taken this quiz